| 000 | 00945nam a22002057a 4500 | ||
|---|---|---|---|
| 999 |
_c57042 _d57042 |
||
| 005 | 20191030163051.0 | ||
| 008 | 191030s2018 ru ||||| |||| 00| 0 rur d | ||
| 020 | _a9785534064520 | ||
| 041 | _arur | ||
| 080 | _a341(075.8) П-68 | ||
| 245 |
_aПраво европейского союза : _bЧасть 1. Учебник и практикум для бакалавриата и магистратуры / _cПод ред. А. Х. Абашидзе., А.О. Иншаковой. |
||
| 264 |
_aМосква : _bЮрайт, _c2018. |
||
| 300 |
_a293 стр.: _c24 см. |
||
| 440 |
_aБакалавр и магистр. _95124 |
||
| 653 | _aПраво европейского союза | ||
| 653 | _aევროკავშირის სამართალი | ||
| 700 |
_aАбашидзе, А. Х _eრედაქტორი _9432 |
||
| 700 |
_aИншаковой, А.О. _eრედაქტორი _95126 |
||
| 942 |
_2udc _cBK |
||